| 000 | 00572nam a2200181 a 4500 | ||
|---|---|---|---|
| 005 | 20240920064021.0 | ||
| 008 | 991125s1944 mx 000 0 spa u | ||
| 035 | _aUPN01000026959 | ||
| 049 | _aF | ||
| 050 | 4 |
_aLC5255 M6 _bL3.3 |
|
| 100 | 1 |
_aLanda, Rubén, _d1890-1978 _930458 |
|
| 245 | 1 | 0 |
_aGuía para enseñar a leer y escribir a los adultos / _cRubén Landa. |
| 260 |
_aMéxico : _bInstituto Luis Vives, _c1944. |
||
| 300 |
_a28 p. : _bil. |
||
| 650 | 4 |
_aAlfabetización (Educación) _zMéxico _91948 |
|
| 650 | 4 |
_aEducación de adultos _zMéxico _95673 |
|
| 905 | _aLibro | ||
| 999 |
_c26959 _d26959 |
||